000 00973cam a2200289 a 4500
001 12734961
003 OSt
005 20150707113323.0
008 020409s2001 enkk w 001 0 eng
010 _a 2002279422
020 _a1841132381 (hardback : alk. paper)
040 _aDLC
_cDLC
_dDLC
043 _ae-uk---
050 0 0 _aKD4902
_b.F67 2001
082 0 0 _a347.012 FOR
_221
100 1 _aFordham, Michael.
_91856
245 1 0 _aJudicial review handbook /
_cby Michael Fordham ; foreword by Lord Woolf.
250 _a3rd ed.
260 _aOxford ;
_aPortland, Or. :
_bHart Pub.,
_c2001.
300 _alxv, 1339 p. :
_bform ;
_c25 cm.
500 _aIncludes index.
650 0 _aJudicial review of administrative acts
_zGreat Britain.
_91857
650 0 _aJudicial review of administrative acts
_zGreat Britain
_vDigests.
_91858
906 _a7
_bcbc
_corigcop
_d2
_encip
_f20
_gy-gencatlg
942 _2ddc
_cBK
999 _c643
_d643